| 000 | 00386nam a22001217a 4500 | ||
|---|---|---|---|
| 999 |
_c4368 _d4368 |
||
| 008 | 250210b ||||| |||| 00| 0 eng d | ||
| 020 | _a9781789890761 | ||
| 082 | _a629.47 ROO | ||
| 100 |
_aROONEY,ANNE _eAUTHOR |
||
| 245 |
_aCURIOUS QUESTIONS AND ANSWERS ABOUT _bSPACE MACHINES? |
||
| 260 |
_aHARDING'S BARN,BARDFIELD END GREEN,THAXTED,ESSEX,CM6 3PX,UK _bMILES PUBLISHING LTD |
||
| 942 | _2ddc | ||